000 00740nam a2200217Ii 4500
003 JO-AjNU
008 230605s9999||||xx |||||||||||||| ||und||
017 _a2009/9100
020 _a978-977-287-901-8
040 _aJO-AjNU
_bara
_erda
_cJO-AjNU
041 _aara
050 1 4 _aTH2031.M72.2009
100 3 _aالمصيلحي، محمود حسين,
_eauthor
_951478
245 0 0 _aهندسة التشييد: تشطيبات المباني
250 _aالطبعة الثانية طبعة جديدة مزيدة ومنقحة
264 3 1 _aالقاهرة: دار الكتب العلمية، 2009
300 _aج2، 720ص
336 _atext
_btxt
_2rdacontent
337 _aunmediated
_bn
_2rdamedia
338 _avolume
_bnc
_2rdacarrier
999 _aA22743
_c26311
_d26311